Premier League Teams 2024/25 Which Table - Statystyki

Ogólne statystyki
  • Ten quiz został rozwiązany 15 razy
  • Średni wynik to 11 z 20
Statystyki odpowiedzi
Miejsce Punkty Drużyna % Poprawnych
2 74 Arsenal
92%
1 84 Liverpool
92%
4 69 Chelsea
77%
6 66 Aston Villa
69%
9 56 Bournemouth
62%
18 25 Leicester
62%
3 71 Man City
62%
5 66 Newcastle
62%
20 12 Southampton
62%
17 38 Tottenham
62%
10 56 Brentford
54%
13 48 Everton
54%
8 61 Brighton
46%
12 53 Crystal Palace
46%
11 54 Fulham
46%
7 65 Nottingham
46%
14 43 West Ham
46%
16 42 Wolves
38%
15 42 Man Utd
31%
19 22 Ipswich
23%
Nie znaleziono quizów pasujących do podanych kryteriów
Rozkład punktacji
Procent ludzi z każdym wynikiem
Percentyl według liczby udzielonych odpowiedzi
Twoja historia wyników
Nie rozwiązałeś tego quizu